Rajnaitik Tattva plato aru aristotle chintadhara (Record no. 1360)

MARC details
000 -LEADER
fixed length control field 00523cam a2200193ua 4500
008 - FIXED-LENGTH DATA ELEMENTS--GENERAL INFORMATION
fixed length control field 110709n ii |||gr||||Z||||||asm
040 ## - CATALOGING SOURCE
Transcribing agency MAIN
082 ## - DEWEY DECIMAL CLASSIFICATION NUMBER
Classification number 320.5
100 ## - MAIN ENTRY--PERSONAL NAME
Personal name Paul, Kepesh Ch.,
Relator term
245 1# - TITLE STATEMENT
Title Rajnaitik Tattva plato aru aristotle chintadhara
Statement of responsibility, etc. by Kepesh Ch. Paul
250 ## - EDITION STATEMENT
Edition statement 4th.
260 ## - PUBLICATION, DISTRIBUTION, ETC.
Place of publication, distribution, etc. Guahati:
Name of publisher, distributor, etc. Arun Prakashan,997.
300 ## - PHYSICAL DESCRIPTION
Extent 458p:
Dimensions 23cm.
700 ## - ADDED ENTRY--PERSONAL NAME
Personal name Nayak, Putul Ch.,
Relator term
942 ## - ADDED ENTRY ELEMENTS (KOHA)
Koha item type Books
653 ## - INDEX TERM--UNCONTROLLED
Uncontrolled term Political science
653 ## - INDEX TERM--UNCONTROLLED
Uncontrolled term Rajnaitik chintadhara
Holdings
Withdrawn status Lost status Damaged status Not for loan Home library Current library Shelving location Date acquired Total Checkouts Full call number Barcode Date last seen Copy number Price effective from Koha item type
        Central Library, Naharkatiya College Central Library, Naharkatiya College General Stacks 19/09/2020   320.5 | NAY 910 19/09/2020 1 19/09/2020 Books

Naharkatiya College © 2020. All rights reserved.

Powered By